<?xml version="1.0" encoding="UTF-8"?>
<record
    xmlns:xsi="http://www.w3.org/2001/XMLSchema-instance"
    xsi:schemaLocation="http://www.loc.gov/MARC21/slim http://www.loc.gov/standards/marcxml/schema/MARC21slim.xsd"
    xmlns="http://www.loc.gov/MARC21/slim">

  <leader>01808cam a2200313 i 4500</leader>
  <controlfield tag="001">18209903</controlfield>
  <controlfield tag="003">OSt</controlfield>
  <controlfield tag="005">20210414114608.0</controlfield>
  <controlfield tag="008">140702s2016    nyua          001 0 eng  </controlfield>
  <datafield tag="010" ind1=" " ind2=" ">
    <subfield code="a">  2014026222</subfield>
  </datafield>
  <datafield tag="020" ind1=" " ind2=" ">
    <subfield code="a">9780078021374 (paperback : alk. paper)</subfield>
  </datafield>
  <datafield tag="040" ind1=" " ind2=" ">
    <subfield code="a">DLC</subfield>
    <subfield code="b">eng</subfield>
    <subfield code="c">DLC</subfield>
    <subfield code="e">rda</subfield>
    <subfield code="d">DLC</subfield>
  </datafield>
  <datafield tag="042" ind1=" " ind2=" ">
    <subfield code="a">pcc</subfield>
  </datafield>
  <datafield tag="050" ind1="0" ind2="0">
    <subfield code="a">QP141.W378 </subfield>
  </datafield>
  <datafield tag="082" ind1="0" ind2="0">
    <subfield code="a">612.3</subfield>
    <subfield code="2">23</subfield>
  </datafield>
  <datafield tag="100" ind1="1" ind2=" ">
    <subfield code="a">Smith, Anne M.</subfield>
  </datafield>
  <datafield tag="245" ind1="1" ind2="0">
    <subfield code="a">Wardlaw's contemporary nutrition. /</subfield>
    <subfield code="c">Anne M. Smith and Angela L. Collene.</subfield>
  </datafield>
  <datafield tag="246" ind1="3" ind2="0">
    <subfield code="a">Contemporary nutrition</subfield>
  </datafield>
  <datafield tag="250" ind1=" " ind2=" ">
    <subfield code="a">Tenth edition.</subfield>
  </datafield>
  <datafield tag="260" ind1=" " ind2=" ">
    <subfield code="a">New York :</subfield>
    <subfield code="b">McGraw-Hill/ Education,</subfield>
    <subfield code="c">2016.</subfield>
  </datafield>
  <datafield tag="300" ind1=" " ind2=" ">
    <subfield code="a">xxiii, 671 p. + various pagings :</subfield>
    <subfield code="b">illustrations (chiefly color) ;</subfield>
    <subfield code="c">27 cm.</subfield>
  </datafield>
  <datafield tag="500" ind1=" " ind2=" ">
    <subfield code="a">Includes appendix, glossary and index.</subfield>
  </datafield>
  <datafield tag="505" ind1=" " ind2=" ">
    <subfield code="a">Contents: Part 1: Nutrition: a key to health: 1. Nutrition, food choices, and health -- 2. Guidelines for designing a healthy diet -- 3.  The human body: a nutrition perspective -- Part 2: Energy nutrient and energy balance: 4. Carbohydrates -- 5. Lipids -- 6. Proteins -- 7. Energy balance and weight control -- Part 3: Vitamins, minerals, and water: 8. Vitamins -- 9. Water and minerals -- Part 4: Nutrition: beyond the nutrients: 10. Nutrition: fitness and sports -- 11. Eating disorders --12. Undernutrition throughout the world -- 13. Safety of our food supply -- Part 5: Nutrition: a focus on life stages: 14. Nutrition during pregnancy and breastfeeding -- 15. Nutrition from infancy through adolescence -- 16. Nutrition during adulthood.</subfield>
  </datafield>
  <datafield tag="650" ind1=" " ind2="0">
    <subfield code="a">Nutrition</subfield>
    <subfield code="v">Textbooks.</subfield>
  </datafield>
  <datafield tag="700" ind1="1" ind2=" ">
    <subfield code="a">Collene, Angela L.</subfield>
  </datafield>
  <datafield tag="906" ind1=" " ind2=" ">
    <subfield code="a">7</subfield>
    <subfield code="b">cbc</subfield>
    <subfield code="c">orignew</subfield>
    <subfield code="d">1</subfield>
    <subfield code="e">ecip</subfield>
    <subfield code="f">20</subfield>
    <subfield code="g">y-gencatlg</subfield>
  </datafield>
  <datafield tag="942" ind1=" " ind2=" ">
    <subfield code="2">lcc</subfield>
    <subfield code="c">BK</subfield>
  </datafield>
  <datafield tag="999" ind1=" " ind2=" ">
    <subfield code="c">6639</subfield>
    <subfield code="d">14139</subfield>
  </datafield>
  <datafield tag="952" ind1=" " ind2=" ">
    <subfield code="0">0</subfield>
    <subfield code="1">0</subfield>
    <subfield code="2">lcc</subfield>
    <subfield code="4">0</subfield>
    <subfield code="7">0</subfield>
    <subfield code="a">WIUC-1</subfield>
    <subfield code="b">WIUC-1</subfield>
    <subfield code="c">GEN</subfield>
    <subfield code="d">2018-08-07</subfield>
    <subfield code="l">0</subfield>
    <subfield code="o">QP141.W378 </subfield>
    <subfield code="p">8337/156/18</subfield>
    <subfield code="r">2018-08-07 00:00:00</subfield>
    <subfield code="t">1</subfield>
    <subfield code="w">2018-08-07</subfield>
    <subfield code="y">BK</subfield>
  </datafield>
  <datafield tag="952" ind1=" " ind2=" ">
    <subfield code="0">0</subfield>
    <subfield code="1">0</subfield>
    <subfield code="2">lcc</subfield>
    <subfield code="4">0</subfield>
    <subfield code="7">0</subfield>
    <subfield code="a">WIUC-1</subfield>
    <subfield code="b">WIUC-1</subfield>
    <subfield code="c">GEN</subfield>
    <subfield code="d">2018-08-07</subfield>
    <subfield code="l">0</subfield>
    <subfield code="o">QP141.W3781 </subfield>
    <subfield code="p">8338/157/18</subfield>
    <subfield code="r">2018-08-07 00:00:00</subfield>
    <subfield code="t">2</subfield>
    <subfield code="w">2018-08-07</subfield>
    <subfield code="y">BK</subfield>
  </datafield>
  <datafield tag="952" ind1=" " ind2=" ">
    <subfield code="0">0</subfield>
    <subfield code="1">0</subfield>
    <subfield code="2">lcc</subfield>
    <subfield code="4">0</subfield>
    <subfield code="7">0</subfield>
    <subfield code="a">WIUC-1</subfield>
    <subfield code="b">WIUC-1</subfield>
    <subfield code="c">GEN</subfield>
    <subfield code="d">2018-08-07</subfield>
    <subfield code="l">0</subfield>
    <subfield code="o">QP141.W3782</subfield>
    <subfield code="p">8339/158/18</subfield>
    <subfield code="r">2018-08-07 00:00:00</subfield>
    <subfield code="t">3</subfield>
    <subfield code="w">2018-08-07</subfield>
    <subfield code="y">BK</subfield>
  </datafield>
  <datafield tag="952" ind1=" " ind2=" ">
    <subfield code="0">0</subfield>
    <subfield code="1">0</subfield>
    <subfield code="2">lcc</subfield>
    <subfield code="4">0</subfield>
    <subfield code="7">0</subfield>
    <subfield code="a">WIUC-1</subfield>
    <subfield code="b">WIUC-1</subfield>
    <subfield code="c">GEN</subfield>
    <subfield code="d">2018-08-07</subfield>
    <subfield code="l">0</subfield>
    <subfield code="o">QP141.W3783</subfield>
    <subfield code="p">8340/159/18</subfield>
    <subfield code="r">2018-08-07 00:00:00</subfield>
    <subfield code="t">4</subfield>
    <subfield code="w">2018-08-07</subfield>
    <subfield code="y">BK</subfield>
  </datafield>
  <datafield tag="952" ind1=" " ind2=" ">
    <subfield code="0">0</subfield>
    <subfield code="1">0</subfield>
    <subfield code="2">lcc</subfield>
    <subfield code="4">0</subfield>
    <subfield code="7">0</subfield>
    <subfield code="a">WIUC-1</subfield>
    <subfield code="b">WIUC-1</subfield>
    <subfield code="c">GEN</subfield>
    <subfield code="d">2018-08-07</subfield>
    <subfield code="l">0</subfield>
    <subfield code="o">QP141.W3784</subfield>
    <subfield code="p">8341/160/18</subfield>
    <subfield code="r">2018-08-07 00:00:00</subfield>
    <subfield code="t">5</subfield>
    <subfield code="w">2018-08-07</subfield>
    <subfield code="y">BK</subfield>
  </datafield>
  <datafield tag="952" ind1=" " ind2=" ">
    <subfield code="0">0</subfield>
    <subfield code="1">0</subfield>
    <subfield code="2">lcc</subfield>
    <subfield code="4">0</subfield>
    <subfield code="7">0</subfield>
    <subfield code="a">WIUC-1</subfield>
    <subfield code="b">WIUC-1</subfield>
    <subfield code="c">GEN</subfield>
    <subfield code="d">2018-08-07</subfield>
    <subfield code="l">0</subfield>
    <subfield code="o">QP141.W3785</subfield>
    <subfield code="p">8342/161/18</subfield>
    <subfield code="r">2018-08-07 00:00:00</subfield>
    <subfield code="t">6</subfield>
    <subfield code="w">2018-08-07</subfield>
    <subfield code="y">BK</subfield>
  </datafield>
  <datafield tag="952" ind1=" " ind2=" ">
    <subfield code="0">0</subfield>
    <subfield code="1">0</subfield>
    <subfield code="2">lcc</subfield>
    <subfield code="4">0</subfield>
    <subfield code="7">0</subfield>
    <subfield code="a">WIUC-1</subfield>
    <subfield code="b">WIUC-1</subfield>
    <subfield code="c">NURS L.</subfield>
    <subfield code="d">2018-08-07</subfield>
    <subfield code="l">0</subfield>
    <subfield code="o">QP141.W378 </subfield>
    <subfield code="p">NURS/562/224/18</subfield>
    <subfield code="r">2018-08-14 00:00:00</subfield>
    <subfield code="t">7</subfield>
    <subfield code="w">2018-08-07</subfield>
    <subfield code="y">BK</subfield>
  </datafield>
  <datafield tag="952" ind1=" " ind2=" ">
    <subfield code="0">0</subfield>
    <subfield code="1">0</subfield>
    <subfield code="2">lcc</subfield>
    <subfield code="4">0</subfield>
    <subfield code="7">0</subfield>
    <subfield code="a">WIUC-1</subfield>
    <subfield code="b">WIUC-1</subfield>
    <subfield code="c">NURS L.</subfield>
    <subfield code="d">2018-08-07</subfield>
    <subfield code="l">0</subfield>
    <subfield code="o">QP141.W3781 </subfield>
    <subfield code="p">NURS/563/225/18</subfield>
    <subfield code="r">2018-08-14 00:00:00</subfield>
    <subfield code="t">8</subfield>
    <subfield code="w">2018-08-07</subfield>
    <subfield code="y">BK</subfield>
  </datafield>
  <datafield tag="952" ind1=" " ind2=" ">
    <subfield code="0">0</subfield>
    <subfield code="1">0</subfield>
    <subfield code="2">lcc</subfield>
    <subfield code="4">0</subfield>
    <subfield code="7">0</subfield>
    <subfield code="a">WIUC-1</subfield>
    <subfield code="b">WIUC-1</subfield>
    <subfield code="c">NURS L.</subfield>
    <subfield code="d">2018-08-07</subfield>
    <subfield code="l">0</subfield>
    <subfield code="o">QP141.W3782 </subfield>
    <subfield code="p">NURS/564/226/18</subfield>
    <subfield code="r">2018-08-14 00:00:00</subfield>
    <subfield code="t">9</subfield>
    <subfield code="w">2018-08-07</subfield>
    <subfield code="y">BK</subfield>
  </datafield>
  <datafield tag="952" ind1=" " ind2=" ">
    <subfield code="0">0</subfield>
    <subfield code="1">0</subfield>
    <subfield code="2">lcc</subfield>
    <subfield code="4">0</subfield>
    <subfield code="7">0</subfield>
    <subfield code="a">WIUC-1</subfield>
    <subfield code="b">WIUC-1</subfield>
    <subfield code="c">NURS L.</subfield>
    <subfield code="d">2018-08-07</subfield>
    <subfield code="l">0</subfield>
    <subfield code="o">QP141.W3783 </subfield>
    <subfield code="p">NURS/565/227/18</subfield>
    <subfield code="r">2018-08-15 00:00:00</subfield>
    <subfield code="t">10</subfield>
    <subfield code="w">2018-08-07</subfield>
    <subfield code="y">BK</subfield>
  </datafield>
  <datafield tag="952" ind1=" " ind2=" ">
    <subfield code="0">0</subfield>
    <subfield code="1">0</subfield>
    <subfield code="2">lcc</subfield>
    <subfield code="4">0</subfield>
    <subfield code="7">0</subfield>
    <subfield code="a">WIUC-1</subfield>
    <subfield code="b">WIUC-1</subfield>
    <subfield code="c">NURS L.</subfield>
    <subfield code="d">2018-08-07</subfield>
    <subfield code="l">0</subfield>
    <subfield code="o">QP141.W3784 </subfield>
    <subfield code="p">NURS/566/228/18</subfield>
    <subfield code="r">2018-08-15 00:00:00</subfield>
    <subfield code="t">11</subfield>
    <subfield code="w">2018-08-07</subfield>
    <subfield code="y">BK</subfield>
  </datafield>
  <datafield tag="952" ind1=" " ind2=" ">
    <subfield code="0">0</subfield>
    <subfield code="1">0</subfield>
    <subfield code="2">lcc</subfield>
    <subfield code="4">0</subfield>
    <subfield code="7">0</subfield>
    <subfield code="a">WIUC-1</subfield>
    <subfield code="b">WIUC-1</subfield>
    <subfield code="c">NURS L.</subfield>
    <subfield code="d">2018-08-07</subfield>
    <subfield code="l">0</subfield>
    <subfield code="o">QP141.W3785</subfield>
    <subfield code="p">NURS/567/229/18</subfield>
    <subfield code="r">2018-08-15 00:00:00</subfield>
    <subfield code="t">12</subfield>
    <subfield code="w">2018-08-07</subfield>
    <subfield code="y">BK</subfield>
  </datafield>
</record>
